| 000 | 01486nam a2200349 i 4500 | ||
|---|---|---|---|
| 001 | 178793 | ||
| 003 | ES-MaACL | ||
| 005 | 20230906220614.0 | ||
| 008 | 110629s2003 sp ao o |||| |aspa d | ||
| 020 | _a84-233-3569-0 (v. 1) | ||
| 080 | _a929:7 Dalí, Salvador | ||
| 100 | 1 |
_aDalí, Salvador. _942483 |
|
| 245 | 1 | 0 |
_aTextos autobiográficos / _cSalvador Dalí. |
| 250 | _a1ª ed. | ||
| 260 |
_aBarcelona : _bDestino, _c2003. |
||
| 300 |
_a2 v. : _bil., fot. ; _c18 cm. |
||
| 490 | 1 |
_aObra literaria completa ; _v1-2 |
|
| 500 | _aCronología: (v. 2; p. [721]-749) | ||
| 500 | _aÍndices. | ||
| 505 | 8 |
_aContiene: 1 ; _tUn diario : 1919-1920 ; _tLa vida secreta de Salvador Dalí ; _tDiario de un genio / _redición y prólogo de Fèlix Fanés (1290 p.) - 2. -- _tLas pasiones según Dalí / _r(en colaboración con Louis Pauwels). -- _tConfesiones inconfesables / _r(en colaboración con André Parinaud); edición y prólogo de Montse Aguer (814 p.) |
|
| 594 | _aEn port.: Fundación Gala-Salvador Dalí, Sociedad Estatal de Conmemoraciones Culturales. | ||
| 597 | _aGuardados en estuche. | ||
| 600 | 1 | 7 |
_aDalí, Salvador. _942483 |
| 700 | 1 |
_aFanés, Fèlix. _9147279 |
|
| 700 | 1 |
_aAguer, Montse. _9147280 |
|
| 700 | 1 |
_aPauwels, Louis. _989674 |
|
| 700 | 1 |
_aParinaud, André. _9139651 |
|
| 710 | 2 |
_aFundación Gala-Dalí. _9143642 |
|
| 830 | 0 |
_aObra literaria completa ; _v1-2 _9191031 |
|
| 852 |
_aES-MaACL _jP-2003 _z- Enc. tela malva |
||
| 999 |
_c178793 _d178793 |
||